00344 2200145 4500001002100000005001500021035002000036245003400056100001300090260003500103082001000138084001600148020002200164990001200186INLIS00000000000167520250429111612 a0010-04250000911 aA Secret Marriage /cAndo Mai0 aAndo Mai aJakarta :bPT. Gramedia,c2016 a741.3 a741.3 AND a a978-602-339-184-4 a0754668